MARC

Tag First Indicator Second Indicator Subfields
LEADER 00000cam a2200000Ii 4500
001 in00004092949
005 20191125091829.0
008 180806s2018 txu s000 0 eng d
035 |a (OCoLC)on1047730766 
040 |a TLGRL  |b eng  |e rda  |c TLGRL  |d IKM  |d OCLCF 
035 |a (OCoLC)1047730766 
043 |a n-us-tx 
086 |a S1500.8 F963 2018  |2 txdocs 
049 |a TXAM 
110 1 |a Texas.  |b Sunset Advisory Commission. 
245 1 0 |a Texas Funeral Service Commission :  |b Sunset staff report. 
264 1 |a Austin, Tex. :  |b Sunset Advisory Commission,  |c [2018] 
300 |a 42 pages ;  |c 28 cm. 
336 |a text  |b txt  |2 rdacontent 
337 |a unmediated  |b n  |2 rdamedia 
338 |a volume  |b nc  |2 rdacarrier 
490 1 |a Staff report 
500 |a "2018-2019, 86th Legislature." 
610 2 0 |a Texas Funeral Service Commission  |x Evaluation. 
610 2 7 |a Texas Funeral Service Commission.  |2 fast  |0 (OCoLC)fst00642700 
650 0 |a Sunset reviews of government programs  |z Texas. 
650 7 |a Evaluation.  |2 fast  |0 (OCoLC)fst00916975 
650 7 |a Sunset reviews of government programs.  |2 fast  |0 (OCoLC)fst01138726 
651 7 |a Texas.  |2 fast  |0 (OCoLC)fst01210336 
830 0 |a Staff report (Texas. Sunset Advisory Commission) 
856 4 |u https://www.sunset.texas.gov/reviews-and-reports/agencies/texas-funeral-service-commission-tfsc  |t 0 
994 |a C0  |b TXA 
948 |a cataloged  |b h  |c 2019/11/25  |d c  |e hmorrison  |f 09:18:20 am 
999 f f |s 4c905525-7071-3cd9-a2be-e12b7effa0ee  |i deb48dc0-f4bf-330b-8aad-dd049363639b  |t 0 
952 f f |p normal  |a Texas A&M University  |b College Station  |c Sterling C. Evans Library  |d Evans: Texas Documents (Annex 5th floor)  |t 0  |e S1500.8 F963 2018  |h Other scheme  |i unmediated -- volume  |m A14842670672 
998 f f |a S1500.8 F963 2018  |t 0  |l Evans: Texas Documents (Annex 5th floor)